[Event "SVK-chT 1920"]
[Site "Slovakia"]
[Date "2020.09.04"]
[Round "9.1"]
[White "Antoniewski, Rafal"]
[Black "Hracek, Zbynek"]
[Result "1/2-1/2"]
[WhiteElo "2484"]
[BlackElo "2563"]
[PlyCount "22"]
[EventDate "2019.10.19"]
[EventType "team-tourn"]
[EventRounds "11"]
[EventCountry "SVK"]
[SourceTitle "EXT 2021"]
[Source "ChessBase"]
[SourceDate "2020.10.23"]
[SourceVersion "1"]
[SourceVersionDate "2020.10.23"]
[SourceQuality "1"]
[WhiteTeam "Dunajov Inbest"]
[BlackTeam "Zilina Mladost"]
[WhiteTeamCountry "SVK"]
[BlackTeamCountry "SVK"]

1. d4 d5 2. c4 e6 3. Nf3 Nf6 4. Nc3 c5 5. cxd5 exd5 6. Bg5 Be6 7. e4 Be7 8. Bb5+ Nc6 9. exd5 Nxd5 10. Bxe7 Qxe7 11. 0-0 Nxc3 1/2-1/2

[Event "POL-chT Ekstraliga"]
[Site "Warsaw"]
[Date "2020.09.01"]
[Round "7.5"]
[White "Gajewski, Grzegorz"]
[Black "Antoniewski, Rafal"]
[Result "1-0"]
[WhiteElo "2616"]
[BlackElo "2490"]
[PlyCount "71"]
[EventDate "2020.08.26"]
[EventType "team-tourn"]
[EventRounds "9"]
[EventCountry "POL"]
[SourceTitle "CBM 198 Extra"]
[Source "ChessBase"]
[SourceDate "2020.11.30"]
[SourceVersion "1"]
[SourceVersionDate "2020.11.30"]
[SourceQuality "1"]
[WhiteTeam "Katowice Wasko"]
[BlackTeam "Miedzyborow Wrzos"]
[WhiteTeamCountry "POL"]
[BlackTeamCountry "POL"]

1. c4 b6 2. d4 Bb7 3. Nc3 Nf6 4. Bg5 e6 5. e3 Be7 6. Nf3 0-0 7. Be2 d5 8. Bxf6 Bxf6 9. cxd5 exd5 10. b4 c6 11. a4 a6 12. 0-0 b5 13. a5 Re8 14. Na2 Nd7 15. Rb1 Be7 16. Nc1 Nf6 17. Nd3 Ne4 18. Rc1 Bd6 19. Nfe5 Rc8 20. Bg4 Rc7 21. f3 Ng5 22. f4 f6 23. Nxc6 Bxc6 24. fxg5 fxg5 25. Qf3 Bb7 26. Rxc7 Qxc7 27. Nc5 Bxc5 28. bxc5 Qe7 29. h3 Rd8 30. Kh1 Bc6 31. Qf5 b4 32. e4 Bb5 33. Qe6+ Qxe6 34. Bxe6+ Kh8 35. Rb1 dxe4 36. d5 1-0

[Event "POL-chT Ekstraliga"]
[Site "Warsaw"]
[Date "2020.08.29"]
[Round "4.3"]
[White "Antoniewski, Rafal"]
[Black "Moranda, Wojciech"]
[Result "1/2-1/2"]
[WhiteElo "2490"]
[BlackElo "2605"]
[PlyCount "32"]
[EventDate "2020.08.26"]
[EventType "team-tourn"]
[EventRounds "9"]
[EventCountry "POL"]
[SourceTitle "CBM 198 Extra"]
[Source "ChessBase"]
[SourceDate "2020.11.30"]
[SourceVersion "1"]
[SourceVersionDate "2020.11.30"]
[SourceQuality "1"]
[WhiteTeam "Miedzyborow Wrzos"]
[BlackTeam "Pegow Wieza"]
[WhiteTeamCountry "POL"]
[BlackTeamCountry "POL"]

1. e4 c5 2. Nf3 e6 3. Nc3 a6 4. d4 cxd4 5. Nxd4 Qc7 6. Bd3 Nf6 7. f4 d6 8. Qf3 Nbd7 9. g4 Nc5 10. g5 Nfd7 11. Be3 b5 12. a3 Bb7 13. h4 Nb6 14. 0-0 d5 15. e5 Nc4 16. b4 Nxd3 1/2-1/2

[Event "POL-chT Ekstraliga"]
[Site "Warsaw"]
[Date "2020.08.28"]
[Round "3.3"]
[White "Kempinski, Robert"]
[Black "Antoniewski, Rafal"]
[Result "1/2-1/2"]
[WhiteElo "2568"]
[BlackElo "2490"]
[PlyCount "45"]
[EventDate "2020.08.26"]
[EventType "team-tourn"]
[EventRounds "9"]
[EventCountry "POL"]
[SourceTitle "CBM 198 Extra"]
[Source "ChessBase"]
[SourceDate "2020.11.30"]
[SourceVersion "1"]
[SourceVersionDate "2020.11.30"]
[SourceQuality "1"]
[WhiteTeam "Legnica Miedz"]
[BlackTeam "Miedzyborow Wrzos"]
[WhiteTeamCountry "POL"]
[BlackTeamCountry "POL"]

1. d4 Nf6 2. c4 e6 3. Nf3 d5 4. Bg5 h6 5. Bxf6 Qxf6 6. Nc3 Bb4 7. Qb3 c5 8. cxd5 exd5 9. dxc5 Bxc3+ 10. Qxc3 Qxc3+ 11. bxc3 0-0 12. e3 Nd7 13. Rd1 Nf6 14. Nd4 Bd7 15. f3 Rfc8 16. Nb3 Ba4 17. Kd2 Nd7 18. Rb1 Rc7 19. Bd3 Rb8 20. Rhc1 Nxc5 21. Nxc5 Rxc5 22. Rb4 Bc6 23. Rc2 1/2-1/2

[Event "BCF-chTb 1920 (4NCL)"]
[Site "Daventry"]
[Date "2020.02.08"]
[Round "5.54"]
[White "Antoniewski, Rafal"]
[Black "Kilpatrick, Callum"]
[Result "1/2-1/2"]
[WhiteElo "2486"]
[BlackElo "2363"]
[PlyCount "113"]
[EventDate "2019.11.09"]
[EventType "team-tourn"]
[EventRounds "11"]
[EventCountry "ENG"]
[SourceTitle "CBM 194 Extra"]
[Source "ChessBase"]
[SourceDate "2020.03.31"]
[SourceVersion "1"]
[SourceVersionDate "2020.03.31"]
[SourceQuality "1"]
[WhiteTeam "Chess.com Manx Liberty"]
[BlackTeam "Guildford II"]
[WhiteTeamCountry "ENG"]
[BlackTeamCountry "ENG"]

1. Nf3 Nf6 2. g3 g6 3. b3 Bg7 4. Bb2 0-0 5. Bg2 d5 6. c4 dxc4 7. bxc4 c5 8. 0-0 Nc6 9. d3 Bf5 10. Nbd2 Qc7 11. Rb1 Rad8 12. Bc3 b6 13. Qc1 e5 14. Qb2 Nd4 15. Rfe1 Rfe8 16. Ng5 Bg4 17. Nf1 h6 18. Ne4 Nxe4 19. dxe4 Qc8 20. Ne3 h5 21. Nd5 h4 22. f3 Bh3 23. e3 Nc6 24. gxh4 Ne7 25. Red1 Nxd5 26. exd5 Bxg2 27. Qxg2 Qf5 28. e4 Qh5 29. Qg4 Qh7 30. Kh1 Bf6 31. f4 Qh8 32. Rf1 Rd6 33. Rf3 Re7 34. Rbf1 exf4 35. Qxf4 Be5 36. Bxe5 Qxe5 37. Qxe5 Rxe5 38. Rxf7 Rd8 39. R7f4 Rde8 40. Re1 b5 41. cxb5 Rxd5 42. Rg1 Rd2 43. Rg3 g5 44. Rxg5+ Kh7 45. Rg2 Rd1+ 46. Rg1 Rd2 47. Rf5 Kh6 48. e5 c4 49. Rf6+ Kh7 50. Rf7+ Kh6 51. h5 Rxe5 52. Rg6+ Kxh5 53. Rg1 Kh6 54. Rf8 Kh7 55. Rf7+ Kh6 56. Rf6+ Kh7 57. Rf7+ 1/2-1/2

[Event "SVK-chT 1920"]
[Site "Slovakia"]
[Date "2019.11.24"]
[Round "4.1"]
[White "Mrva, Martin"]
[Black "Antoniewski, Rafal"]
[Result "0-1"]
[WhiteElo "2402"]
[BlackElo "2484"]
[PlyCount "130"]
[EventDate "2019.10.19"]
[EventType "team-tourn"]
[EventRounds "11"]
[EventCountry "SVK"]
[SourceTitle "CBM 193 Extra"]
[Source "ChessBase"]
[SourceDate "2020.01.31"]
[SourceVersion "1"]
[SourceVersionDate "2020.01.31"]
[SourceQuality "1"]
[WhiteTeam "Humenne Reinter"]
[BlackTeam "Dunajov Inbest"]
[WhiteTeamCountry "SVK"]
[BlackTeamCountry "SVK"]

1. e4 c6 2. Nf3 d5 3. Nc3 Bg4 4. h3 Bxf3 5. Qxf3 e6 6. g3 Nf6 7. Bg2 Bb4 8. 0-0 0-0 9. Re1 Bxc3 10. Qxc3 Nxe4 11. Bxe4 dxe4 12. Rxe4 Nd7 13. b3 Qf6 14. d4 Qf5 15. Rf4 Qxh3 16. Bb2 f6 17. Re1 Rf7 18. Rfe4 Qf5 19. Qd2 Re8 20. c4 e5 21. Kg2 Ref8 22. Ba3 Rc8 23. Qa5 b6 24. Qa6 Nb8 25. Qa4 c5 26. dxc5 bxc5 27. Qa5 Rfc7 28. Qd2 Qd7 29. R4e2 Qc6+ 30. Kg1 Rd7 31. Qe3 Qd6 32. g4 h6 33. Rc1 Qe6 34. f3 Na6 35. Rg2 Rcd8 36. Rc3 Rd4 37. Re2 Qd6 38. Kg2 Nc7 39. Qf2 Ne6 40. Bc1 Qc6 41. Kg3 Rd3 42. Rxd3 Rxd3 43. Be3 Qd6 44. Kg2 Nd4 45. Rd2 Rc3 46. Bxd4 exd4 47. Qe2 Qf4 48. Qe6+ Kh7 49. Qf5+ Qxf5 50. gxf5 a5 51. Kg3 a4 52. bxa4 Rxc4 53. Kf4 Rxa4 54. Ke4 Ra3 55. Rf2 d3 56. Kd5 Rc3 57. Rd2 c4 58. Kd4 Rc2 59. Ke3 Rc1 60. a3 Ra1 61. Kd4 Rxa3 62. Kxc4 Ra5 63. Rxd3 Rxf5 64. Kd4 Re5 65. f4 Re7 0-1

[Event "EU-Cup 35th"]
[Site "Ulcinj"]
[Date "2019.11.10"]
[Round "1.12"]
[White "Berkes, Ferenc"]
[Black "Antoniewski, Rafal"]
[Result "1-0"]
[WhiteElo "2647"]
[BlackElo "2484"]
[PlyCount "123"]
[EventDate "2019.11.10"]
[EventType "team-swiss"]
[EventRounds "7"]
[EventCountry "MNE"]
[SourceTitle "CBM 193 Extra"]
[Source "ChessBase"]
[SourceDate "2020.01.31"]
[SourceVersion "1"]
[SourceVersionDate "2020.01.31"]
[SourceQuality "1"]
[WhiteTeam "WorldtradingLab"]
[BlackTeam "Dunajov Inbest"]
[WhiteTeamCountry "ITA"]
[BlackTeamCountry "SVK"]

1. d4 f5 2. g3 Nf6 3. Bg2 g6 4. Nf3 Bg7 5. 0-0 0-0 6. b3 b6 7. Ne5 c6 8. Bb2 Bb7 9. Nd2 Qc7 10. Nd3 Na6 11. c4 c5 12. d5 e6 13. Be5 d6 14. Bxf6 Bxf6 15. Nf4 exd5 16. Nxd5 Qg7 17. Rc1 Rae8 18. e3 Kh8 19. Nxf6 Rxf6 20. Bxb7 Qxb7 21. Nb1 Nc7 22. Nc3 Re5 23. Rc2 Qc6 24. Rd2 Kg8 25. a4 a6 26. Rd3 Re8 27. Qd2 b5 28. axb5 axb5 29. cxb5 Nxb5 30. Nxb5 Qxb5 31. Rxd6 Rxd6 32. Qxd6 Qxb3 33. Qxc5 Rd8 34. Qc1 Qa4 35. Qb1 Kg7 36. Rc1 Kh6 37. h4 Rd2 38. Qb7 Rd1+ 39. Rxd1 Qxd1+ 40. Kg2 Qd6 41. Qf3 Kg7 42. g4 fxg4 43. Qxg4 Qd5+ 44. Qf3 Qe6 45. Kg3 Qe7 46. Qf4 h6 47. Qd4+ Kf7 48. Qd5+ Kf6 49. h5 gxh5 50. Qxh5 Qd6+ 51. f4 Kg7 52. e4 Qd4 53. Qg4+ Kh7 54. Qf3 Qg1+ 55. Kh3 Qg6 56. f5 Qf6 57. Qg3 Qc6 58. Qd3 Qf6 59. e5 Qf8 60. f6+ Kh8 61. Qd7 Qg8 62. f7 1-0